Statistics for Harry Potter and the Chamber of Secrets Characters Quiz

Click here to take the quiz!

General Stats

  • This quiz has been taken 102 times
    (94 since last reset)
  • The average score is 31 of 40

Answer Stats

Actor/ActressDescriptionCharacter% Correct
Daniel RadcliffeA 12-year-old British wizard famous for surviving his parents' murder at the hands of the psychopathic dark wizard Lord Voldemort as an infant, who now enters his second year at Hogwarts School of Witchcraft and WizardryHarry Potter
100%
Emma WatsonHarry's Muggle-born best friend and the trio's brainsHermione Granger
100%
Rupert GrintHarry's best friend at HogwartsRon Weasley
100%
Robbie ColtraneThe half-giant gamekeeper at HogwartsRubeus Hagrid
94%
Richard GriffithsHarry's Muggle uncleVernon Dursley
93%
Kenneth BranaghA celebrity author and the new Defence Against the Dark Arts teacher at HogwartsGilderoy Lockhart
92%
Richard HarrisThe Hogwarts headmaster and one of the greatest wizards of the ageAlbus Dumbledore
90%
John CleeseThe ghost of GryffindorNearly Headless Nick
89%
Alan RickmanThe Potions teacher and head of SlytherinSeverus Snape
89%
Julie WaltersThe Weasley matriarch and a mother figure to HarryMolly Weasley
88%
Maggie SmithThe Transfiguration teacher and head of GryffindorMinerva McGonagall
86%
Fiona ShawHarry's Muggle auntPetunia Dursley
86%
Warwick DavisThe Charms teacher and head of RavenclawFilius Flitwick
85%
Bonnie WrightRon's younger sister, who comes in possession of Tom Riddle's diary and finds herself possessed by Riddle into reopening the Chamber of SecretsGinny Weasley
83%
Tom FeltonLucius Malfoy's son and Harry's rival at HogwartsDraco Malfoy
82%
Toby JonesA house elf who tries to prevent Harry from returning to HogwartsDobby
79%
Sean BiggerstaffThe captain of the Gryffindor Quidditch teamOliver Wood
79%
Oliver PhelpsOne of Ron's mischievous brothersFred Weasley
78%
James PhelpsOne of Ron's mischievous brothersGeorge Weasley
78%
Julian GloverA giant spider who is Hagrid's petAragog
76%
Matthew LewisHarry's good-hearted friend who is in GryffindorNeville Longbottom
76%
Chris RankinRon's brother who is a Gryffindor PrefectPercy Weasley
76%
Gemma JonesThe school nurse at HogwartsPoppy Pomfrey
76%
Mark WilliamsThe Weasley patriarch and head of Misuse of Muggle Artifacts Office in the Ministry of MagicArthur Weasley
74%
Robert HardyThe Minister of MagicCornelius Fudge
74%
Shirley HendersonThe ghost of a Muggle-born Ravenclaw student from the 1940s who haunts the girl's bathroom at HogwartsMoaning Myrtle
74%
David BradleyThe ill-tempered Squib caretaker of HogwartsArgus Filch
72%
Josh HerdmanOne of Draco's brutish henchmenGregory Goyle
72%
Hugh MithcellAn exictable Gryffindor student who always has a camera with himColin Creevey
71%
Devon MurrayHarry's friend who is in GryffindorSeamus Finnigan
71%
Jamie WaylettOne of Draco's brutish henchmenVincent Crabbe
71%
Alfred EnochHarry's friend who is in GryffindorDean Thomas
69%
Jason IsaacsA former senior Death Eater now working as a school governor at HogwartsLucius Malfoy
68%
Harry MellingHarry's piggish cousinDudley Dursley
65%
Miriam MargolyesHerbology teacher and head of HufflepuffPomona Sprout
60%
Luke YoungbloodFred and George's best friend who does play-by-play for the Quidditch matchesLee Jordan
58%
Christian CoulsonA Slytherin student from the 1940s who is heir to Hogwarts founder Salazar Slytherin and the 50 years younger VoldemortTom Riddle
57%
Edward RandellA Hufflepuff student who becomes petrifiedJustin Finch-Fletchley
50%
Charlotte SkeochA Hufflepuff girlHannah Abbott
47%
Louis DoyleA Hufflepuff boyErnie MacMillan
42%

Score Distribution

Percentile by Number Answered

Percent of People with Each Score

Your Score History

You have not taken this quiz since the last reset